| 000 | 02741cam a22006854i 4500 | ||
|---|---|---|---|
| 001 | u154629 | ||
| 003 | PE-LiUPU | ||
| 005 | 20250731170410.0 | ||
| 008 | 130318s2012 sp b 000 0 spa d | ||
| 020 | _a8499589391 | ||
| 020 | _a9788499589398 | ||
| 035 | _a(Sirsi) i9788499589398 | ||
| 040 |
_aC3L _bspa _erda _cC3L _dOCLCQ _dPE-LiUPU |
||
| 049 | _aPRUA | ||
| 082 | 0 | 4 |
_a109 _bC7 2012 |
| 082 | 0 | 4 |
_a109 _bG22 2012 |
| 100 | 1 |
_aGarcia Norro, Juan Jose, _eautor |
|
| 245 |
_aConvirtiendose en filosofo : _bestudiar filosofia en el siglo XXI / _ccoordinador, Juan Jose Garcia Norro. |
||
| 300 |
_a266 páginas ; _c centímetros. |
||
| 336 |
_atext _2rdacontent |
||
| 337 |
_aunmediated _2rdamedia |
||
| 338 |
_avolume _2rdacarrier |
||
| 490 | 1 | _aFilosofia | |
| 500 | _aCollected essays. | ||
| 505 | _aLa figura de la filosofía -- Las disciplinas filosóficas -- Sobre los géneros filosóficos -- El comentario de texto filosófico -- La disertación filosófica -- Otros trabajos académicos -- Cómo citar. -- Fuentes de información para el estudio filosófico -- Internet y la filosofía: la técnica como objetivo y herramientas del pensamiento. | ||
| 526 | _aSEG68 | ||
| 526 | _aSEG70 | ||
| 526 | _aSEG69 | ||
| 526 | _aSEG67 | ||
| 526 | _aSEG43 | ||
| 526 | _aP144 | ||
| 526 | _aP143 | ||
| 526 | _aP131 | ||
| 526 | _aP122 | ||
| 526 | _aP120 | ||
| 526 | _aP117 | ||
| 526 | _aP112 | ||
| 526 | _aP110 | ||
| 526 | _aP106 | ||
| 526 | _aP101 | ||
| 526 | _aP80 | ||
| 526 | _aP59 | ||
| 526 | _aP54 | ||
| 526 | _aP35 | ||
| 526 | _aP33 | ||
| 526 | _aP30 | ||
| 541 | _g001003081; | ||
| 541 | _g001-0039832; | ||
| 596 | _a1 2 | ||
| 700 | 1 |
_aGarcia Norro, Juan Jose, _eautor. |
|
| 830 | 0 | _aFilosofia. | |
| 910 |
_ajche _bjkc _cjche _d20150922 |
||
| 942 |
_2ddc _cBOOK |
||
| 994 |
_aC0 _bPEPRU |
||
| 949 |
_a109 C7 _wDEWEY _c1 _i73716 _d2018-5-17 _e2016-10-10 _f2018-2-11 _g2 _lCCODEBUL1 _mBUL _n1 _p44.72 _q1 _r0 _sY _tBOOK _u2016-6-16 _xSALUD _PP20 _0COMPRA _o.STAFF. Colección General |
||
| 949 |
_a109 _bG22 2012 _wDEWEY _c1 _iFT02924 _lCCODEBUT1 _mBUT _r0 _sY _tBOOK _u2015-9-22 _xBIBLIOTECA _zUNKNOWN _0COMPRA _o.STAFF. Colección General Tarapoto |
||
| 999 |
_a109 G22 2012 _wDEWEY _c7332 _iFT02924 _f2019-2-20 _g2 _lCCODEBUT1 _mBUT _r0 _sY _tBOOK _u2015-9-22 _xBIBLIOTECA _zUNKNOWN _0COMPRA _o.STAFF. Colección General Tarapoto _d7332 |
||
| 999 |
_a109 C7 _wDEWEY _c1 _i73716 _d2019-8-12 _e2019-8-8 _f2021-11-4 _g5 _lCCODEBUL1 _mBUL _n2 _p44.72 _q3 _r0 _sY _tBOOK _u2016-6-16 _xBIBLIOTECA _PP20 _0COMPRA _o.STAFF. Colección General |
||
| 264 |
_aMadrid : _bSintesis, _c2012. |
||
| 980 |
_81 _gALBERTO SANCHEZ Responsable de Automatización |
||